Country by City "N" - Statistics

General Stats
  • This quiz has been taken 60 times
  • The average score is 16 of 20
Answer Stats
City Country % Correct
Nairobi Kenya
100%
Nashville United States
100%
Nice France
98%
New Delhi India
98%
Naples Italy
98%
Nagasaki Japan
98%
Nottingham United Kingdom
98%
Nuremberg Germany
96%
Nanjing China
92%
Nassau Bahamas
90%
Nicosia Cyprus
84%
Nizhny Novgorod Russia
84%
Newcastle Australia
76%
N'Djamena Chad
71%
Niamey Niger
71%
Nam Dinh Vietnam
71%
Nijmegen Netherlands
51%
Novi Sad Serbia
51%
Nouakchott Mauritania
47%
Namur Belgium
27%
No matching quizzes found
Score Distribution
Percent of People with Each Score
Percentile by Number Answered
Your Score History
You have not taken this quiz